| 000 | 00374nam a2200145Ia 4500 | ||
|---|---|---|---|
| 008 | 151213s9999 xx 000 0 und d | ||
| 100 | _aMd . Shafiqul Islam | ||
| 245 |
_aThe General Classes ACT. 1897 _cMd . Shafiqul Islam |
||
| 260 |
_aDhaka _bShams Publications |
||
| 300 | _a5824 p. | ||
| 650 | _aLaw | ||
| 650 | _aLaw | ||
| 700 | _aMd . Shafiqul Islam | ||
| 999 |
_c3395 _d3395 |
||